00533nam a2200157Ia 4500003000400000008004100004040001600045082002100061100002500082245011400107700002100221260005300242300001000295650004800305650002200353GCL140319s9999 xx 000 0 eng d aGCL / cGCL04a320.0882971bM I1 aHASHMI, JAJL - ISLAM10aISLAM, MUSLIMS AND THE MODERN STATE: CASE - STUDIES OF MUSLIMS IN THIRTEEN COUNTRIES / cHASHMI, JAJL - ISLAM1 aMUTALIB, HUSSIEN a[S.N] : bMACMILIAN PUBLISHING COMPANY ، c1996 a374 P04aISLAMIC COUNTRIES - POLITICS AND GOVERNMENT04aISLAM - THE STATE